| 000 | 01150nam a2200253Ia 4500 | ||
|---|---|---|---|
| 999 |
_c38948 _d38948 |
||
| 001 | 5385 | ||
| 003 | GE_BSU | ||
| 005 | 20190423175956.0 | ||
| 008 | 181216s1979ge xx |||||||||||||| ||geo|| | ||
| 040 | _cGE_BSU | ||
| 041 | _ageo | ||
| 080 | _a699.841(075.8) ქ-31 | ||
| 100 |
_aქარცივაძე, გ. _9439 |
||
| 245 |
_aსეისმომედეგი მშენებლობა : _bსახელმძღვ. / _c გ. ქარცივაძე ; რედ. ი.ბიუსი. |
||
| 260 | _aთბ. | ||
| 260 | _b. | ||
| 264 |
_aთბილისი : _bგანათლება, _c1979. |
||
| 300 |
_a118 გვ. : _bილ. ; _c20 სმ. |
||
| 653 | _aსეისმომედეგი მშენებლობა | ||
| 653 | _aშენობების კონსტრუქციებისა და ნაგებობების დაცვის ღონისძიებები | ||
| 653 | _aავარიის საწინააღმდეგო ღონისძიებები | ||
| 700 |
_aი. ბიუსი _eრედაქტორი. _9440 |
||
| 942 |
_cBK _2udc |
||